000 00477nam a2200181Ia 4500
001 24302
005 20260414151034.0
008 260414t2016||||xx |||||||||||||| ||spa||
041 _aESP
082 _a345.2
_bR63
100 _aRío Labarthe, Gonzalo del
_eAUT
245 0 _aPrisión preventiva y medidas alternativas :
_bcódigo procesal penal 2004
260 _c2016
300 _a511 páginas :
_c25 cm.
650 _aDER
654 _aCDE
942 _cLIB
_dJUS
_fJUS
_2ddc
_n
999 _c24302
_d24302